005280000a22001810004500003001100000005001700011008004100028040003900069041000800108082001300116100002600129245004700155250001200202260004400214300001800258650002800276650004200304LK-CoMWRAF20231215153009.0230817t ||||| |||| 00| 0 eng d aLK-CoMWRAFdLK-CoMWRAFeLK-CoMWRAF aeng a297bMAR aMarzouq, Abdus-Sabour a Conguest through ideas : bends and means a2nd ed. aMakkah:bMuslim World League, c[1993?] a109 p.; 21 cm aIslam- Apologetic works aFreemasonry- Controversial literature